| 000 | 01797cam a2200349 a 4500 | ||
|---|---|---|---|
| 003 | EG-GiCUC | ||
| 008 | 061002s2001 caua b i100 0 eng d | ||
| 020 | _a928072007 | ||
| 040 |
_aEG-GiCUC _beng _cEG-GiCUC |
||
| 050 | 0 | 0 |
_aQH541.5.W3 _bA3 2001 |
| 092 | 0 | 4 |
_a577.6 _bA8464 _221 |
| 099 |
_a04 _a577.6 A8464 |
||
| 245 | 0 | 0 | _aAssessment and management of alien species that threaten ecosystems, Habitats and species |
| 260 |
_aCalifornia: _bUNEP; _c2001 |
||
| 300 |
_aix, 135 p. : _bcol. ill. ; _c30 cm. |
||
| 440 | 0 | _aCBD Technical seiies no.1 | |
| 504 | _aIncludes bibliographical references. | ||
| 520 | _aThe use of alien species is a proven means to increase production and value from aquatic ecosystems. In the Mekong/Lanchang basin, alien species such as tilapia (Orechromis spp.) play an important role in providing cheap and readily available protein to rural and poor sectors. However, alien species are now recognized as one of the most significant threats to aquatic biodiversity. Several steps are necessary for effective use and control of alien species, but one of the most important was identified to be following codes of practice similar to that developed by the International Council for the Exploration of the Sea. | ||
| 650 | 0 |
_aAquatic ecology _vCongresses. |
|
| 650 | 0 |
_aFishery management _vCongresses. |
|
| 650 | 0 |
_aIntroduced organisms _vCongresses. |
|
| 650 | 0 |
_aMarine biological invasions _vCongresses. |
|
| 710 | 2 | _aCBD | |
| 710 | 2 | _aSecretariat of the convention on Biological Diversity. | |
| 710 | 2 | _aUNEP | |
| 856 | 4 | 1 |
_3Table of contents only _uhttp://www.loc.gov/catdir/toc/fy0703/2006484066.html |
| 902 | _a1 | ||
| 905 |
_aEman _eRev |
||
| 905 |
_aJamal _eCat |
||
| 942 |
_2ddc _cBK |
||
| 999 |
_c108502 _d108502 |
||